000 00513nam a2200193Ia 4500
005 20250508165635.0
008 008 250505s9999 xx 000 0 eng d
037 _aPeriodicals
040 _aFEDL
_beng
_cFEDL
041 _aeng
_2eng
084 _a621.48, VOR
_qFEDL
100 _aVornov G.S
_9781465
245 0 _aStorming the fortress of fusion
260 _aMoscow
_bMir Publishers
_c1988
300 _a335p.
365 _aINR
_b17
942 _cCR
_h621.48, VOR
999 _c1396417
_d1396417